000 00404cam a2200157ua 4500
003 OSt
008 240216b |||||||| |||| 00| 0 eng d
020 _a0-08-8415-2057
041 _aeng
082 _a658.408
_bWAL/DE
100 _aWallace, Ian G .
_96056
245 _aDeveloping effective safety systems /
260 _aLondon :
_bGulf Publishing Company ,
_c1995.
300 _a165 ; .
942 _cBK
999 _c3761
_d3761